[Event "Ubeda"]
[Site "Ubeda"]
[Date "1997.02.08"]
[Round "2"]
[White "Kortschnoj, Viktor Lvovich"]
[Black "Andersson, Ulf"]
[Result "1/2-1/2"]
[WhiteElo "2635"]
[BlackElo "2655"]
[Annotator "Tsesarsky,I"]
[PlyCount "84"]
[EventDate "1997.02.07"]
[EventType "tourn"]
[EventRounds "11"]
[EventCountry "ESP"]
[EventCategory "16"]
[SourceTitle "CBM 058"]
[Source "ChessBase"]
[SourceDate "1997.06.01"]
[SourceVersion "1"]
[SourceVersionDate "1997.06.01"]
[SourceQuality "1"]

1. c4 c5 2. Nf3 g6 3. d4 cxd4 4. Nxd4 Nc6 5. e4 Nf6 6. Nc3 d6 7. Nb3 $6 (7. f3)
(7. Be2) 7... Bg7 8. Be2 (8. f3 Be6 $5 (8... O-O $1 9. Be2 $6 (9. Be3 $1 Bd7
10. Qd2 Rc8 11. Be2 Na5 $11) 9... Qb6 $1 {[%cal Gb6g1]} 10. Bg5 Be6 11. Qd2
Rfc8 12. Nd5 Bxd5 13. Be3 (13. cxd5 Nb4 $17) 13... Bh6 14. Bxh6 Be6 15. Qc3 Qb4
$15 {0-1 Kortchnoi,V-Jansa,V/Hastings 1975 (41) (Tsesarsky)} (15... Ne5 $15))
9. Be3 O-O 10. Nd5 Nd7 (10... Rc8 11. Qd2 Ne5 12. Rc1 b6 13. Be2 Bd7 14. O-O
Bc6 15. Rfd1 Bb7 16. Nd4 a6 17. b4 $14) 11. Qd2 a5 12. Rc1 a4 13. Nd4 Bxd5 14.
exd5 Nxd4 15. Bxd4 Bxd4 16. Qxd4 e6 $1 17. dxe6 Re8 $1 $15 18. Kf2 Rxe6 19. Bd3
Nc5 $2 (19... Ne5 20. Rhd1 Nc6 21. Qc3 (21. Qf4 Qb6+ $17 {[%csl Rb2]}) 21...
Qb6+ 22. Kf1 Nb4 23. Bb1 Rae8 $15) 20. Rhd1 Qg5 21. Bf1 Rae8 22. Rb1 h5 23. b4
axb3 24. axb3 Nd7 25. h4 Qe7 (25... Qe5 $11) 26. Kg1 Ne5 27. Qf2 Nc6 28. b4 Qf6
29. c5 dxc5 30. bxc5 R8e7 31. Bc4 Re5 32. Rd6 Qf5 $11 {Korchnoi,V-Van der
Sterren,P/Leeuwarden NED ch 1977/1-0 (59) (Tsesarsky)}) 8... O-O (8... Nd7 $5
9. Be3 Bxc3+ $5 10. bxc3 b6 11. Bh6 Bb7 12. h4 Qc7 13. Rh3 O-O-O 14. Nd4 Nc5
$17 {Kortschnoj,V-Saidy,A/Las Vegas op 1993/0-1 (46)}) (8... a5 9. a4 Be6 10.
Be3 O-O 11. Nd4 Nxd4 12. Bxd4 Rc8 13. b3 Nd7 14. Bxg7 Kxg7 15. Qd4+ f6 $11 {
1/2-1/2 Robatsch,K-Marovic,D/Rom 1982 (19)}) (8... Be6 9. Be3 Nd7 10. O-O Nce5
$6 (10... Bxc3 $5 $15) 11. Nd5 f5 $2 12. Nd4 $16 {1-0 Volfl Zdenek-Jacek
Martin/Czech League 1995 (23)}) 9. Be3 (9. O-O Be6 10. f3 Nd7 11. Nd5 Bxd5 12.
exd5 Qb6+ 13. Kh1 Nb4 14. a3 Na6 15. Rb1 Nac5 (15... Rac8) 16. Nd4 Bxd4 17.
Qxd4 Nb3 18. Qxb6 Nxb6 19. Bh6 Rfe8 20. Bd1 Nd4 21. b3 e6 22. dxe6 Rxe6 23. Bd2
(23. Rb2 Nf5 24. Bc1 $16) 23... a5 24. Re1 a4 25. Rxe6 fxe6 26. bxa4 Nxa4 27.
Bxa4 {1/2-1/2 Chapa,E-Boak,S/USA-op Los Angeles 1991 (41)} (27. Rxb7 $18)) 9...
b6 (9... Be6 10. f3 Nd7 11. Rc1 (11. Nd4 Nxd4 12. Bxd4 Bxd4 13. Qxd4 Qb6 14.
Qd2 f5 15. O-O-O Qc5 16. exf5 Qxf5 17. Bd3 Qf4 18. Qxf4 Rxf4 19. b3 Nc5 20. Bc2
Rf7 21. Rhe1 Bf5 22. b4 Na6 23. a3 Bxc2 24. Kxc2 Nc7 25. Kb3 {1/2-1/2 Haertig,
J-Floeter,F/OLO-A 1993}) 11... a5 12. Nd4 Nxd4 13. Bxd4 Bxd4 14. Qxd4 Qb6 15.
Qxb6 Nxb6 {1/2-1/2 Ivkov,B-Bobotsov,M/Bamberg 1968}) 10. O-O Bb7 $11 11. f4 Rc8
(11... Nd7 12. Nd4 a6 (12... Nc5 13. Bf3 Bxd4 14. Bxd4 Nxd4 15. Qxd4 Rc8 16. b3
a6 17. Rad1 $14) 13. b3 Rc8 14. Rc1 e6 15. Nxc6 Rxc6 16. Bf3 e5 $14 (16... Qc7
17. e5 d5 18. Bd4 $16)) 12. Bf3 Nd7 13. Rc1 Nc5 14. Rf2 Re8 $6 (14... Nxb3 15.
axb3 Nb4 16. Rd2 Qc7 17. Nb5 Qb8 $11) 15. Rd2 Qc7 $5 {[%cal Gc7b8]} (15... Nxb3
16. axb3 Nb4 17. e5 Bxf3 18. Qxf3 Qd7 19. Ne4 $14) 16. Nd5 Qb8 17. Bf2 (17.
Nxc5 bxc5 $132) 17... e6 18. Ne3 Nb4 $5 19. Nxc5 bxc5 (19... dxc5 20. a3 Nc6
21. e5 f6 22. exf6 Bxf6 23. Ng4 Bg7 24. Bg3 $1 $14) 20. b3 Qa8 {[%csl Re4]} 21.
a3 Nc6 22. Rxd6 Nd4 $132 23. Ng4 Red8 (23... Bxe4 24. Bxe4 Qxe4 25. Bxd4 cxd4 (
25... Bxd4+ 26. Qxd4 Qxd4+ 27. Rxd4 cxd4 28. Nf6+ Kf8 29. Nxe8 Kxe8 30. Rd1 $14
) 26. Qd2 (26. Qf3 Qxf3 27. gxf3 Red8 28. Rxd8+ Rxd8 $15) 26... Red8 27. Rxd8+
Rxd8 28. Nf2 Qb7 29. b4 $14 {[%cal Gf2d3,Gc4c5]}) 24. Rxd8+ Rxd8 25. Bh4 (25.
Qe1 Nxb3 $15) 25... f5 (25... Nxf3+ 26. Qxf3 Bxe4 27. Qe2 Rd3 $15) 26. Ne5 (26.
Bxd8 fxg4 27. Bxg4 Qxd8 28. Qd3 e5 $15) 26... fxe4 $5 $15 (26... Bxe5 27. fxe5
fxe4 28. Bxd8 exf3 29. Bf6 Ne2+ 30. Kf2 Nxc1 31. Qxc1 fxg2 32. Qh6 Qf8 $11) 27.
Bxd8 {[%tqu "En","?","","","a8d8","",10,"e4f3","",0]} Qxd8 $3 $17 (27... exf3
28. Be7 Ne2+ (28... Bxe5 29. fxe5 Ne2+ 30. Kf2 Nxc1 31. Qxc1 fxg2 32. Bxc5 $14)
29. Kf2 Nxc1 30. Qxc1 fxg2 31. Bxc5 g5 32. Qe3 Be4 $15) 28. Bg4 (28. Be2 Bxe5
29. fxe5 Qg5 30. Rb1 e3 (30... Qe3+ 31. Kf1 Qf4+ 32. Kg1 e3 33. Qf1 Qxe5) 31.
Qf1 Bxg2 (31... Qxe5 32. b4 Be4 33. Re1 $16) 32. Qxg2 Nxe2+ 33. Kh1 Qxe5 34.
Re1 Nf4 (34... Nd4 35. b4 e2 36. Qa8+ Kg7 37. Qxa7+ Kh6 38. Qa8 Qf5 39. Qg2 Nf3
40. Qxe2 $8 Nxe1 41. Qxe1 Qf3+ 42. Kg1 Qg4+ 43. Qg3 Qd4+ 44. Qf2 $11) 35. Qa8+
Kg7 36. Qxa7+ Kh6 37. Qa8 e2 38. Qf3 g5 39. h3 Kg6 40. a4 (40. b4 cxb4 41. axb4
Qd4 42. h4 Qxc4 (42... gxh4 43. Qg4+ Kf7 44. Rg1 Qe4+ 45. Kh2 $16) 43. Qg3 h6
44. hxg5 hxg5 45. Rg1 Qe4+ 46. Kh2 Kf7 47. Qxg5 Qh7+ 48. Kg3 Nd3 (48... Nh3 $1
$19 49. Qd8 Nxg1 50. Qd7+ Kf6 (50... Kg8 51. Qd8+) 51. Qxh7 e1=Q+ 52. Kg2 Ne2
53. Qh8+ Kf5 54. Qh7+ Ke5 55. Qc7+ (55. Qg7+ Ke4 56. Qb7+ Ke3 57. Qf3+ Kd4 58.
Qg4+ Kc3 59. Qf3+ Kxb4 60. Qe4+ Kc3 61. Qc6+ Kd2 62. Qd7+ Kc1 $19) 55... Ke4
56. Qc2+ Ke3 57. Qc5+ Kd3 58. Qb5+ Ke4 59. Qc6+ Kf5 60. Qc2+ Kg5 61. Qc5+ Kg4
$19) 49. b5 e1=Q+ 50. Rxe1 Nxe1 51. Qf4+ Qf5 52. Qxf5+ exf5 53. b6 f4+ 54. Kh3
f3 55. Kg3 f2 56. Kxf2 Nd3+ $11) 40... Qd6 41. Qe4+ Kf6 42. Rxe2 Nxe2 43. Qxe2
Qg3 44. Qh5 Qxb3 $17) 28... Bxe5 29. fxe5 Qg5 $19 30. Rc3 $8 e3 31. h4 (31. Bh3
$2 Qxe5 (31... Bf3 $1 32. Qe1 Ne2+ 33. Kh1 Nxc3 34. Qxc3 e2 $3 35. Qe1 $8 (35.
gxf3 Qh4 $19) 35... Bc6 36. Bxe6+ (36. Kg1 Qe3+ 37. Kh1 Qxh3 $19) 36... Kg7 37.
Bd5 Bxd5 38. cxd5 Qf4 39. Kg1 Qd4+ $19)) 31... Qf4 (31... Qxe5 32. Qe1 e2 33.
Bh3 Qe4 34. b4 e5 35. bxc5 Nc2 36. Rxc2 Qxc2 37. Be6+ Kg7 38. Kf2 Qe4 39. Qxe2
Qxg2+ 40. Ke1 Qg1+ 41. Kd2 (41. Qf1 Qe3+ 42. Kd1 Bf3+ 43. Kc2 a5 $1 44. Kb2 (
44. Bd5 Bxd5 45. cxd5 Qxc5+ $19) (44. Qc1 Be4+ 45. Kb2 Qxc5 $19) 44... a4 $19)
41... Qxc5 $19) 32. Bxe6+ Nxe6 33. Qe2 Qg3 34. Rxe3 Nf4 35. Qd2 Nh3+ 36. Kf1
Bxg2+ 37. Ke2 (37. Qxg2 Qxe3 $19) 37... Bf3+ $4 $138 (37... Qg4+ 38. Kd3 Qd4+
39. Kc2 Be4+ 40. Kd1 Qa1+ 41. Ke2 Nf4+ 42. Kf2 Qxe5 $19) 38. Kd3 Nf2+ 39. Kc2
Be4+ $4 (39... Qxh4 40. Qd6 (40. Rxf3 Qe4+ $19) 40... Bd1+ 41. Kb1 Bg4 42. Qd5+
Kf8 43. Qxc5+ Qe7 $17) 40. Rxe4 $11 Nxe4 41. Qd5+ Kg7 42. Qxe4 Qf2+ 1/2-1/2

[Event "Madrid"]
[Site "Madrid"]
[Date "1996.05.09"]
[Round "2"]
[White "Illescas Cordoba, Miguel"]
[Black "Kortschnoj, Viktor Lvovich"]
[Result "1-0"]
[WhiteElo "2635"]
[BlackElo "2645"]
[Annotator "Har Zvi,R"]
[PlyCount "53"]
[EventDate "1996.05.08"]
[EventType "tourn"]
[EventRounds "9"]
[EventCountry "ESP"]
[EventCategory "17"]
[SourceTitle "CBM 053"]
[Source "ChessBase"]
[SourceDate "1996.08.01"]
[SourceVersion "1"]
[SourceVersionDate "1996.08.01"]
[SourceQuality "1"]

1. e4 {Ftacnik Smirin Ernst} c5 2. Nf3 d6 3. d4 cxd4 4. Nxd4 Nf6 5. Nc3 Nc6 6.
Bg5 e6 7. Qd2 a6 8. O-O-O h6 9. Be3 Be7 10. f4 Bd7 11. Kb1 (11. h3 {Ftacnik} b5
12. Bd3 Nxd4 13. Bxd4 b4 14. Ne2 e5 $1 $132) 11... b5 12. Bd3 Qc7 13. h3 (13.
Nf3 Ng4 (13... b4 $5 14. Ne2 $13) 14. Bg1 O-O 15. h3 Nf6 16. g4 b4 17. Ne2 d5
$13 {Adams,M-Lutz,C/Wijk/1995/}) (13. Rhe1 b4 $6 (13... Nxd4 14. Bxd4 e5) 14.
Nce2 O-O 15. h3 e5 16. Nf5 Bxf5 17. exf5 e4 18. Bc4 d5 19. Bb3 Na5 20. g4 {
with attack for white Hubner,R-Lutz,C Muenchen/1994/ CBM 42 [Schlosser]}) (13.
Rhf1 $5 {Ftacnik} O-O 14. h3 Qb7 $5 $13 {><e4}) 13... Nxd4 (13... Na5 14. g4 (
14. Qf2 b4 15. Nce2 Nc4 16. Bc1 a5 17. g4 a4 18. Qg2 a3 19. b3 Nb2 20. g5 hxg5
21. fxg5 Nh5 22. g6 f6 23. Qf3 Ra5 24. h4 {Landenbergue,C-Schlosser,P/Horgen
SKA (08)/1994/1-0 (56)}) 14... b4 15. Nce2 Nc4 16. Bxc4 Qxc4 17. Ng3 a5 18.
Rhf1 Qa6 19. g5 $16 {Hodjson,J-Csom,I Tel Aviv 1988}) 14. Bxd4 b4 (14... Bc6 {
Ftacnik} 15. Rhe1 (15. e5 dxe5 16. fxe5 Nd7 17. Qe3 Rc8 18. Ne2 O-O 19. Nf4 Bg5
20. h4 Bxf4 21. Qxf4 f6 22. Qg4 Nxe5 23. Qxe6+ Kh8 24. Bxe5 {1/2-1/2 Ionov,
S-Ragozin,E/St.Petersburg Chigorin (02)/1995/}) 15... Qb7 16. e5 dxe5 17. fxe5
Nd5 18. Ne4 O-O 19. Qf2 f5 20. exf6 Nxf6 21. Qg3 Rf7 22. Qg6 Nxe4 23. Rxe4 Bf8
24. Rxe6 Rf4 25. Rde1 {1-0 Watzka,H-Titz,H/AUT BL 8889/1989/}) 15. Ne2 Bc6 (
15... e5 {Ftacnik} 16. Be3 Qb7 17. Ng3 O-O (17... Bc6 18. Rhf1 Nxe4 19. Bxe4
Bxe4 20. Nxe4 Qxe4 21. fxe5 O-O 22. exd6 Bxd6 23. Qxd6 Qxe3 24. Qxb4 Rad8 25.
Rxd8 Rxd8 26. Qc4 {1-0 Marciano,D-Garcia,D/Montpellier (08)/1991/ (49)}) 18.
Rhf1 Rfc8 19. Qf2 Rc6 20. fxe5 dxe5 21. Nf5 Bxf5 22. Qxf5 Bc5 23. Bxc5 Rxc5 24.
g4 Nh7 25. Bc4 Nf6 26. Bb3 Qc8 27. Bxf7+ Kxf7 28. Rd7+ Kg8 29. Rxg7+ Kxg7 30.
Qxf6+ {1-0 Balashov,Y-Dorfman,J/URS-ch43 Erevan/1975/ (41)}) 16. Ng3 (16. Qe3 {
Ftacnik} e5) (16. e5 {Ftacnik} dxe5 17. fxe5 Nd5 $10) 16... a5 (16... O-O {
Ftacnik} 17. Qxb4 d5 18. Qc3 dxe4 19. Bxe4 (19. Nxe4 $2 Nd5 20. Qd2 Nxf4 $15)
19... Nxe4 20. Nxe4 $14) 17. Rhf1 (17. e5 $5) (17. e5 $1 dxe5 18. fxe5 Nd5 19.
Nh5 $36) 17... O-O 18. e5 (18. Qe2 e5 (18... e5 $5 {Ftacnik} 19. fxe5 dxe5 20.
Be3 Bd7 $1 $13)) 18... dxe5 19. fxe5 (19. Bxe5 Qb6 20. f5 Rad8 (20... Bb5 $1
21. fxe6 fxe6 $10 {Smirin,I}) (20... Bd5 {Ftacnik} 21. fxe6 Bxa2+ $140 $2 22.
Ka1 Bxe6 23. Bxf6 Bxf6 24. Rxf6 gxf6 25. Qxh6) 21. Qe2 Bd5 22. fxe6 (22. Nh5 $5
$36 {Ftacnik}) 22... Qxe6 $2 (22... fxe6 23. Nh5 Nxh5 24. Qxh5 Rxf1 25. Rxf1
Rf8 $14 {Smirin,I}) 23. Nf5 Rfe8 (23... Bxa2+ {Ftacnik} 24. Ka1 $18) 24. b3 $1
$16 {Smirin,I-Greenfeld,A Haifa 1995 63/167}) 19... Nd7 (19... Nd5 20. Nh5 Qb7
$1 {with the idea 21...Bb5/21...Nc3 Smirin,I} (20... Qb7 {Ernst} 21. Nf6+ $1
$16)) 20. Qe3 Bg5 21. Qe2 Rae8 $2 {the phearpes of this move is not clear to
me,black should play something on the queen side not this strange move,21...
Bd5 seems very logical with chances for both sides} (21... Bd5 $1 {Ftacnik} 22.
Nh5 Nc5 $1 $132 (22... Rac8 23. Nxg7 $1 Kxg7 24. h4 Bxh4 25. Rh1 Bg5 26. Rxh6
$3 Rh8 27. Rh5 Qd8 28. Rdh1 Rxh5 29. Rxh5 f5 30. exf6+ Bxf6 31. Rh7+ Kf8 32.
Qh5 e5 33. Qh6+ Kg8 34. Qg6+ Kf8 35. Be3 $18)) 22. Nh5 $1 g6 $6 {black misses
white's next move,22...Rc8 was essential} (22... f5 {Ftacnik} 23. exf6 Nxf6 24.
Nxf6+ Bxf6 25. Bxf6 Rxf6 26. Rxf6 gxf6 27. Qh5 $16) 23. g3 $3 {[#] a move
which one can miss although it is not very good since now black's position
becames very difficult,maybe even losing} f5 (23... gxh5 24. h4 Be7 (24... Bd8
25. Qxh5 f5 {there is nothing else} (25... Kg7 {Ftacnik} 26. Rf6 $18) 26. Qg6+
Kh8 27. Qxh6+ Kg8 28. g4 $1 {and white's attack is decisive}) 25. Qxh5 Nc5 (
25... f5 26. Qg6+ Kh8 27. Qxh6+ Kg8 28. Qxe6+ (28. g4) 28... Kg7 29. Bxf5) (
25... Kg7 26. Rf6 $3 {with mate in a few moves} (26. Be3 $18 {Ernst})) 26. Bxc5
Bxc5 27. Qxh6 (27. Rf6 $5) 27... f5 28. exf6 {and the game is over}) (23... a4
24. h4 Bd8 (24... Be7 25. Qg4 Nxe5 (25... Kh7 26. Rxf7+) 26. Qf4) 25. Qg4 Nxe5
(25... Kh7 26. Rxf7+) 26. Qf4 f6 27. Bxe5 Qxe5 (27... fxe5 28. Qg4) 28. Bxg6
Qxf4 29. Rxf4 Re7 30. Nxf6+ Kh8 31. Nh5 Rg8 32. Bf7 Rf8 33. Bxe6) (23... Be7 {
I think the best defence,but probably white can also get a big advantage} 24.
Nf4 $5 (24. h4 {this also seems good with Nf4 on the next move}) 24... Nc5 (
24... a4 25. Bxg6 $5 fxg6 26. Qd3 Nxe5 (26... Rf5 27. g4 Rg5 28. Nxe6) 27. Bxe5
Qxe5 28. Qxg6+ Kh8 29. Qxh6+ Kg8 30. Qg6+ $1 Kh8 31. Rde1 Qg5 (31... Qf6 32.
Rxe6) 32. Qxg5 Bxg5 33. Ng6+ Kg7 34. Nxf8 Rxf8 35. Rxf8 Kxf8 36. Rxe6 {and I
do not know if white is winning the endgame or not but it is better to have
white}) 25. Qg4 g5 (25... Nxd3 26. Nxg6 fxg6 27. Qxg6+ Kh8 28. Qxh6+ Kg8 29.
Qxe6+ Kg7 (29... Kh7 30. Rf7+) 30. Qg4+ Kh6 31. cxd3 {and black is defenceless
against white's attack}) 26. Bxc5 Bxc5 27. Rde1 $1 {just defending the "e5"
pawn when black's position seems bad}) 24. h4 (24. exf6 $6 {Ftacnik} gxh5 25.
Bg6 (25. Qxh5 Nxf6 26. Qg6+ Qg7 27. h4 Qxg6 28. Bxg6 Ne4 $10) (25. f7+ $5 Rxf7
26. Qxh5 Nf6 27. Qg6+ Rg7 28. Rxf6 $14) 25... Nxf6 26. Bxe8 Bxe8 27. h4 $18)
24... Bd8 25. Nf4 Kh7 (25... g5 {Ftacnik} 26. Qh5 Nb8 27. Nxe6 Rxe6 28. Bc4
Rfe8 29. Qg6+ Kh8 30. Bxe6 $18) 26. g4 (26. Bc4 Bd5 27. Bxd5 exd5 28. Qa6 Nb6
29. Qxa5) 26... Bxh4 (26... Rg8 {Ftacnik} 27. h5 $1) 27. Nxg6 $1 (27. Nxg6 Kxg6
28. gxf5+ Kg7 (28... exf5 29. Qg4+ (29. Rxf5 $18 Rxf5 30. Qg4+ Kf7 31. Bxf5 $18
)) (28... Rxf5 29. Qg4+) 29. Rg1+ Bg5 30. f6+ Nxf6 (30... Kg8 31. Qh5) 31.
exf6+ Rxf6 32. Rxg5+ hxg5 33. Qh5) 1-0

[Event "FIDE-Wch k.o."]
[Site "Moscow"]
[Date "2001.11.27"]
[Round "1.1"]
[White "Kortschnoj, Viktor Lvovich"]
[Black "Psakhis, Lev"]
[Result "1/2-1/2"]
[WhiteElo "2639"]
[BlackElo "2573"]
[Annotator "Stohl,I"]
[PlyCount "100"]
[EventDate "2001.11.27"]
[EventType "k.o."]
[EventRounds "7"]
[EventCountry "RUS"]
[SourceTitle "CBM 086"]
[Source "ChessBase"]
[SourceDate "2002.02.05"]
[SourceVersion "1"]
[SourceVersionDate "2002.02.05"]
[SourceQuality "1"]

1. Nf3 {Psakhis} Nf6 2. c4 b6 3. g3 c5 4. Bg2 Bb7 5. O-O g6 6. d3 {Kortschnoj
avoids the typical Hedgehog lines, in which White fights for an advantage by} (
6. Nc3 Bg7 7. d4 ({or} 7. Re1) 7... cxd4 8. Qxd4 {and prefers a manoeuvring
struggle in a closed position.}) 6... Bg7 (6... d5 7. Ne5 $1 (7. cxd5 Nxd5 8.
Nc3 Bg7 $11) 7... Bg7 8. Qa4+ Nbd7 9. Nc3 $36) 7. e4 O-O 8. Nc3 Nc6 9. Be3 {
A rare move, as it allows the following sortie.} ({White's most common
alternative, which however promises no real advantage, is} 9. h3 e6 $5 (9...
Ne8 10. Bg5 Nc7 11. Qd2 Ne6 12. Bh6 Ned4 13. Nxd4 Nxd4 14. Bxg7 Kxg7 15. Ne2
Nxe2+ 16. Qxe2 e5 17. Kh2 d6 18. b3 Bc6 19. Qb2 b5 20. f4 f6 21. Rf2 a5 $11 {
Alburt,L-Vaganian,R/URS-ch Yerevan/1975/}) (9... d6 10. Be3 e5 11. Qd2 Nd4 12.
Nh2 Nd7 13. f4 a6 $6 (13... f5 $132) 14. f5 gxf5 15. exf5 Bxg2 16. Qxg2 Kh8 17.
Kh1 Rb8 18. b3 Rg8 19. g4 Bf6 20. Ne4 Be7 21. Rf2 f6 22. Nf1 $16 {Speelman,
J-Lautier,J/Dordrecht 5'/2001/}) 10. Be3 d5 11. exd5 exd5 12. d4 Na5 13. cxd5
Nxd5 14. Nxd5 Qxd5 15. dxc5 (15. Nh4 $5 $11) 15... Nc4 $1 16. Qxd5 Bxd5 17.
cxb6 axb6 18. Rad1 Nxe3 19. fxe3 Bc4 $36 {Keene,R-Timman,J/Teeside/1975/}) (9.
Rb1 d6 (9... e6 10. h3 d5 11. exd5 exd5 12. Bg5 $6 dxc4 13. dxc4 h6 14. Be3 Ne7
15. Qxd8 Raxd8 16. Rbd1 Nf5 17. Bc1 Ne4 18. Rxd8 Rxd8 19. Rd1 Rxd1+ (19... Rd6
$5 20. Rxd6 Nexd6 $36) 20. Nxd1 Ned6 21. b3 Kf8 {1/2,Huebner,R-Timman,J/
Montreal/1979/}) (9... Ne8 10. Be3 Nd4 11. Ne2 (11. Qd2 $142 {/\b4=}) 11... e5
12. b4 d6 13. bxc5 dxc5 14. Nexd4 cxd4 15. Bd2 Nc7 16. Ne1 Na6 $1 $15 (16...
Ne6 17. Bb4 Re8 18. f4 exf4 19. gxf4 Qc7 20. Qg4 Nc5 21. Bxc5 bxc5 22. Rb2 Rab8
23. Rbf2 Bc8 24. Qg3 Rb1 25. h4 h5 26. Nf3 Rxf1+ 27. Bxf1 Bh6 28. Nd2 $13 {
Karpov,A-Savon,V/URS-ch Moscow/1973/}) 17. a4 $2 Bc6 18. a5 bxa5 19. Ra1 a4 20.
f4 exf4 21. gxf4 Rb8 $17 {Kortschnoj,V-Kuzmin,G/Leningrad izt/1973/}) 10. h3
Ne8 11. Be3 Nd4 12. Ne2 Nxf3+ 13. Bxf3 Qd7 14. Bg2 f5 $1 15. Qd2 Nf6 16. Nc3 e5
{Andersson,U-Furman,S/Madrid/1973/} 17. f4 $11) (9. Nh4 Ne8 10. f4 e6 11. Be3 (
11. f5 Nd4 $132) 11... f5 12. Qd2 d6 13. Nf3 Nf6 14. Kh1 d5 15. exd5 exd5 16.
Ne5 Na5 17. d4 Ne4 18. Nxe4 dxe4 19. Qc3 cxd4 20. Bxd4 Qc7 21. Rac1 Nc6 $11 {
/=/+,Schmidt,W-Andersson,U/Camaguey/1974/}) 9... Ng4 (9... d6 10. h3 {/\d4} e5
11. Ne1 Ne8 $11) 10. Bd2 d6 11. a3 $146 (11. Ne1 f5 12. exf5 gxf5 13. h3 Nf6
14. Nc2 Qd7 15. Be3 Rac8 (15... Ne5 $1 $11) 16. Qe2 e5 17. Bg5 Nd4 18. Nxd4
cxd4 19. Bxf6 Bxg2 20. Kxg2 Rxf6 21. Nd5 Rf7 22. a4 Re8 23. b4 Re6 {Gostisa,
L-Ionescu,C/Manila olm/1992/} 24. f3 $14 {[%csl Gd5] ><d5}) 11... a6 {'?!'
Psakhis.} (11... Nge5 $5 12. Ne1 (12. Nxe5 $6 dxe5 $15 {[%csl Rd4,Rd5] ><d3,d4}
(12... Nxe5 {[%csl Gd4,Gg7] Psakhis})) 12... Nd4 13. b4 f5 $13) 12. Rb1 b5 $5 {
This sacrifice in the logical consequence of Black's previous move, he doesn't
want to wait for b4|^.} 13. Ne1 {'!' Psakhis. Psakhis: 'To be honest I just
missed this move.'} (13. cxb5 $143 axb5 14. Nxb5 Ba6 15. a4 (15. Ne1 $2 Nxf2
$17) 15... Rb8 $44 {|^}) (13. b4 cxb4 14. axb4 Nge5 15. Nxe5 (15. cxb5 Nxf3+
16. Bxf3 axb5 17. Nxb5 Ba6 $15) 15... Nxe5 16. cxb5 axb5 17. Qe2 $11) 13...
Nge5 14. f4 Nd7 $8 (14... b4 $2 15. axb4 cxb4 16. fxe5 bxc3 17. bxc3 $16) 15.
cxb5 axb5 16. Nxb5 {Psakhis: 'Black has some compensation for a pawn, but
maybe not enough.'} Qb6 17. Nc3 Nd4 18. Be3 {Now a black piece lands on b3,
paralysing the <<, but White couldn't prevent this anyway.} (18. b4 Rxa3 (18...
Rfb8 $5) 19. bxc5 Qa7 $36) 18... Rfb8 $44 19. Nc2 Nb3 (19... Nxc2 {Psakhis} 20.
Qxc2 Bc6 21. Qd2 $16) (19... Qb3 $142 $5 {Psakhis} 20. Bxd4 (20. Nxd4 {Psakhis}
Qxd1 21. Nxd1 cxd4) 20... cxd4 21. Nb4 Qxd1 22. Nxd1 Nc5) 20. Bf2 {'!' Psakhis.
} e6 (20... Bc6 21. Nb4 $1 $14) 21. Ne3 Bc6 $1 (21... Ba6 22. Nc4 (22. e5 {
Psakhis} d5 23. Nexd5 exd5 24. Nxd5 Qd8 25. Ne7+ (25. Nf6+ {Psakhis} Nxf6 26.
Bxa8 Bxd3 27. exf6 Bxf6) 25... Qxe7 26. Bxa8 Rxa8 27. Qxb3 Rb8 28. Qc2 Qe6 {
[%csl Rg1][%cal Ga6b7]}) 22... Bxc4 23. dxc4 {/\Nb5+/-}) 22. Nc4 Qc7 23. g4 {
'!' Psakhis.} (23. f5 exf5 24. exf5 Bxg2 25. Kxg2 Qc6+ $36 {/\} 26. Qf3 $2
Qxf3+ 27. Kxf3 Bxc3 28. bxc3 d5 $19) 23... Nd4 (23... Bd4 24. Bxd4 Nxd4 25. b4
$14) (23... Rb7 $5 $44) 24. Bg3 (24. b4 $142 $5 {gives White chances for an
advantage.}) 24... Nb6 25. f5 (25. Nxb6 Rxb6 $36 {[%csl Rb2][%cal Gb8b2] <->b,
><b2}) 25... Nxc4 26. dxc4 Rb3 {'!?' Psakhis.} 27. Qd2 (27. f6 $5 Bh6 28. Bf2
Qb6 29. Bxd4 cxd4 30. Nb5 Be3+ 31. Kh1 Rxb5 32. cxb5 Bxb5 $44) 27... Rab8 $6 (
27... Qe7 {prevents f6 and prepares Bf6-g5} 28. g5 $5 Be5 $1 29. Bxe5 dxe5 30.
f6 Qb7 $44) 28. f6 {'!' Psakhis.} (28. h4 $6 {Psakhis} exf5 29. exf5 Nxf5 $1
30. gxf5 Bxc3 31. Qxd6 Qxd6 32. Bxd6 Bd4+ 33. Kh2 Bxg2 34. Kxg2 Rxb2+ 35. Rxb2
Rxb2+ $15) 28... Bf8 {[%csl Rf8] ץ} 29. Rf2 (29. Bf2 Qb6 $11) 29... Qa5 30.
Qd3 (30. g5 $5 {/\} Rxc3 $2 31. Rd1 $16) 30... Ba4 {Psakhis: 'I had at this
moment less than 5 minuter left to the end of the game, so my hopes were
connected mostly with all kinds of tricks- maybe one moment will be possible
to play Rxc3 with next Bc2'} (30... Qa8 {[%cal Yb8b6,Ya8b8] /\R8b6,Qb6 is more
logical, the B will quickly move back anyway.}) 31. Bf1 Qa8 32. g5 Bc6 33. Bg2
R8b6 34. Bf4 {'!' Psakhis.} Qb8 35. Qd2 Qa7 36. Be3 Qa5 $5 {Despite the
unhappy Bf8 it's still not so simple for White to make progress. Psakhis:
'Kortschnoj almost catched me on time and finally makes mistake.'} (36... e5
37. Qc1 {/\Nd5+/=}) 37. Qd1 {'?' Psakhis. Allows a tactical strike, which is
however not as powerful as it seems.} (37. Nd1 $5 {/\} Rxa3 (37... Qa4 38. Bxd4
cxd4 39. Qxd4 $16) 38. Qxa5 Rxa5 39. b4 $16) (37. Bxd4 cxd4 38. Nb5 (38. Qxd4
Qxg5 $13) 38... Qxd2 39. Rxd2 Bxb5 40. cxb5 R6xb5 41. h4 h6 $132) (37. Qd3 $142
$16 {Psakhis}) 37... Qxc3 $5 {'!' Psakhis. Psakhis: '30 seconds left!'} 38.
bxc3 Rxb1 39. Bc1 Nb3 40. Rb2 $1 {White ties Black's pieces to each other.
Psakhis: 'Stronger than'} (40. Rc2 $6 Ba4 $1 {/\} (40... Na1 $11 41. Rf2 Nb3)
41. Qf1 (41. Qe1 {Psakhis} Ra1 (41... Na5 $11 {Psakhis}) 42. Rb2 Rxc1 (42...
Nxc1 {Psakhis} 43. Rxb6 Ne2+ 44. Kf2 Rxe1 45. Kxe1 Nxc3 46. Kd2 $36) 43. Qxc1
Nxc1 44. Rxb6 Ne2+ 45. Kf2 Nxc3 46. Ke1 $13) 41... Ra1 42. Rb2 $1 (42. Qf4 Na5
43. Rf2 e5 44. Qe3 Nxc4 $19) 42... Ra6 (42... Nxc1 43. Rxb6 Ne2+ 44. Kf2 Rxf1+
45. Kxf1 Nxc3 46. Kf2 $16 {[%csl Rf8] ץf8}) 43. Rc2 Rb6 {gives Black a draw
from a position of strength.}) 40... Nxc1 (40... Rxc1 $2 41. Qxc1 Nxc1 42. Rxb6
$16 {[%csl Ga3] o^a} Ba4 43. Kf2 Nd3+ 44. Ke3 Ne5 45. Bf1 {[%csl Ra3,Rf8]}) 41.
Rxb1 Rxb1 42. Qc2 Ra1 43. Qb2 $6 (43. Bf1 $1 Ra2 44. Qxc1 Bxe4 45. h4 $14 {
/= still gives White a material advantage and some winning chances, although
breaking the fortress may well prove impossible.} (45. Qe3 {Psakhis White has
any chances for victory.})) 43... Nb3+ 44. Kf2 Ba4 45. Bf3 h6 ({I had strong
feeling that} 45... d5 $142 $1 {(Psakhis) leads to black's advantage, but was
not brave enough to make this move having less than one minute} 46. cxd5 exd5 (
46... c4 {Psakhis} 47. dxe6 fxe6) 47. exd5 (47. e5 {Psakhis} c4) 47... c4 48.
Qe2 Bc5+ 49. Kg2 Rg1+ 50. Kh3 Bd7+ 51. Kh4 Nc1) 46. h4 hxg5 47. hxg5 Rc1 48.
Kg2 (48. e5 {Psakhis} dxe5 49. Be4 Rd1 50. Bc2 Rd2+ 51. Ke3 Rg2 $19) 48... e5 {
'?!' Psakhis.} ({Still} 48... d5 {(Psakhis) works well -} 49. cxd5 (49. exd5 {
Psakhis} exd5 50. Bxd5 $2 Rd1) 49... exd5 50. exd5 (50. e5 {Psakhis} c4 $5 (
50... d4 {Psakhis} 51. cxd4 c4 52. Bd5 (52. e6 {Psakhis} fxe6))) 50... Bd6 {
but I was afraid that White will play e5 hmself}) 49. Kf2 Ra1 (49... d5 $1 {
Psakhis} 50. exd5 Bd6) 50. Kg2 Re1 1/2-1/2